| 000 -LEADER | |
|---|---|
| fixed length control field | 00627nam a22002177a 4500 |
| 005 - DATE AND TIME OF LATEST TRANSACTION | |
| control field | 20250420134819.0 |
| 008 - FIXED-LENGTH DATA ELEMENTS--GENERAL INFORMATION | |
| fixed length control field | 200813b ||||| |||| 00| 0 eng d |
| 020 ## - INTERNATIONAL STANDARD BOOK NUMBER | |
| International Standard Book Number | 9781944325022 |
| 040 ## - CATALOGING SOURCE | |
| Transcribing agency | KCST |
| 082 ## - DEWEY DECIMAL CLASSIFICATION NUMBER | |
| Classification number | 512.02 |
| Item number | Ju Ab |
| 100 ## - MAIN ENTRY--PERSONAL NAME | |
| Personal name | Judson, Thomas W. |
| 9 (RLIN) | 5114 |
| 245 ## - TITLE STATEMENT | |
| Title | Abstract Algebra Theory and Applications / |
| Statement of responsibility, etc. | Thomas W Judson, Robert A Breezer |
| 250 ## - EDITION STATEMENT | |
| Edition statement | 2016 edition |
| 260 ## - PUBLICATION, DISTRIBUTION, ETC. | |
| Place of publication, distribution, etc. | Ann Arbor, Michigan: |
| Name of publisher, distributor, etc. | Orthogonal publishing, |
| Date of publication, distribution, etc. | 2016. |
| 300 ## - PHYSICAL DESCRIPTION | |
| Extent | 417 p. |
| 650 ## - SUBJECT ADDED ENTRY--TOPICAL TERM | |
| Topical term or geographic name entry element | Mathematics |
| Form subdivision | Textbooks. |
| 9 (RLIN) | 1438 |
| 655 ## - INDEX TERM--GENRE/FORM | |
| Genre/form data or focus term | Textbooks. |
| 9 (RLIN) | 4759 |
| 700 ## - ADDED ENTRY--PERSONAL NAME | |
| Personal name | Breezer, Robert A. |
| 9 (RLIN) | 5115 |
| 942 ## - ADDED ENTRY ELEMENTS (KOHA) | |
| Koha item type | Book |
| 942 ## - ADDED ENTRY ELEMENTS (KOHA) | |
| Source of classification or shelving scheme | Dewey Decimal Classification |
| Withdrawn status | Lost status | Source of classification or shelving scheme | Damaged status | Not for loan | Home library | Current library | Date acquired | Cost, normal purchase price | Total checkouts | Full call number | Barcode | Date last seen | Price effective from | Koha item type |
|---|---|---|---|---|---|---|---|---|---|---|---|---|---|---|
| Dewey Decimal Classification | KCST Library | KCST Library | 13/08/2020 | 11.51 | 512.02 Ju Ab | 1000000573 | 13/08/2020 | 13/08/2020 | Book |